| 000 | 01191cam a22003615a 4500 | ||
|---|---|---|---|
| 001 | 16487569 | ||
| 003 | OSt | ||
| 005 | 20140310182745.0 | ||
| 008 | 101004s2011 caua b 001 0 eng d | ||
| 010 | _a 2010938479 | ||
| 016 | 7 |
_a015706951 _2Uk |
|
| 020 | _a1849206309 | ||
| 020 | _a9781849206303 | ||
| 035 | _a(OCoLC)ocn700032728 | ||
| 040 |
_aYDXCP _cYDXCP _dNLE _dBWK _dBWX _dIAY _dGYG _dU2C _dUKMGB _dGZQ _dDLC |
||
| 042 | _alccopycat | ||
| 050 |
_aLB 1047 _b.K69 2011 |
||
| 100 | 1 | _aKnight, Sara | |
| 245 | 0 | 0 |
_aRisk and adventure in early years outdoor play : _blearning from forest schools / _cSara Knight. |
| 260 |
_aLondon ; _aThousand Oaks, Calif. : _bSAGE, _c2011. |
||
| 300 |
_a142 p. : _bill. ; _c24 cm. |
||
| 504 | _aIncludes bibliographical references (p. [135]-138) and index. | ||
| 521 | _aEDU | ||
| 562 | _efor circulation : 1 copy available in the collection | ||
| 650 | 0 | _aOutdoor education. | |
| 650 | 0 |
_aOutdoor education _xSafety measures. |
|
| 650 | 0 | _aEarly childhood education. | |
| 906 |
_a0 _bibc _ccopycat _d2 _encip _f20 _gy-gencatlg |
||
| 942 |
_2lcc _cBK _kFOR |
||
| 999 |
_c15635 _d15635 |
||